रामायण का अनावरण: (Record no. 216687)
[ view plain ]
| 000 -LEADER | |
|---|---|
| fixed length control field | 01267nam a22002057a 4500 |
| 005 - DATE AND TIME OF LATEST TRANSACTION | |
| control field | 20260617112101.0 |
| 010 ## - LCCN (DPL NO) | |
| LC control number | HIN-131380 |
| 020 ## - INTERNATIONAL STANDARD BOOK NUMBER | |
| Terms of availability | 499.00 |
| International Standard Book Number | 9789356407473 |
| 035 ## - SYSTEM CONTROL NUMBER | |
| System control number | HN-103726 |
| 037 ## - SOURCE OF ACQUISITION | |
| Source of stock number/acquisition | DBAD |
| 082 ## - DEWEY DECIMAL CLASSIFICATION NUMBER | |
| Classification number | 220.2 |
| 100 ## - MAIN ENTRY--PERSONAL NAME | |
| Personal name | गणात्रा, अमी |
| 245 ## - TITLE STATEMENT | |
| Title | रामायण का अनावरण: |
| Remainder of title | अमी गणात्रा; प्रज्ञा बंका व अनंत खेतान द्वारा अनुवादित |
| Statement of responsibility, etc | ऋषि वाल्मीकि के महाकाव्य के अज्ञात पहलु / |
| 260 ## - PUBLICATION, DISTRIBUTION, ETC. (IMPRINT) | |
| Place of publication, distribution, etc | नई दिल्ली |
| Name of publisher, distributor, etc | ब्लूम्सबूरी पब्लिशिंग इंडिया प्राइवेट लिमिटेड |
| Date of publication, distribution, etc | 2024 |
| 270 ## - ADDRESS | |
| City | नई दिल्ली |
| Address | द्वितीय फ्लोर,एलएससी बिल्डिंग नं.4,डीडीए क्पम्प्लेक्स,पॉकेट सी-6 और7 वसंत कुंज, |
| Postal code | 110070 |
| 300 ## - PHYSICAL DESCRIPTION | |
| Extent | 261पृ; |
| Dimensions | 20सेमी (अजिल्द) |
| 700 ## - ADDED ENTRY--PERSONAL NAME | |
| Personal name | बंका ,प्रज्ञा |
| 9 (RLIN) | 76612 |
| 700 ## - ADDED ENTRY--PERSONAL NAME | |
| Personal name | खेतान,अनंत |
| 942 ## - ADDED ENTRY ELEMENTS (KOHA) | |
| Source of classification or shelving scheme | Dewey Decimal Classification |
| Item type | Hindi Books |
| Call number suffix | गणात्रा |
| Classification part | 220.2 |
| Withdrawn status | Lost status | Not for loan | Collection code | Home library | Current library | Date acquired | Source of acquisition | Cost, normal purchase price | Full call number | Barcode | Copy number | Cost, replacement price | Koha item type |
|---|---|---|---|---|---|---|---|---|---|---|---|---|---|
| Not For Loan | Non-fiction | D.B.Act.Division | D.B.Act.Division | 16/06/2026 | DBAD | 499.00 | 220.2 गणात्रा | HN-103726 | 1 | 499.00 | Hindi Books |
